000 01066nam0a22002531 4500
001 rc\157157
005 20260407024129.0
035 _a(NLR Aleph) 008782133
090 _a7988876
_c7988876
100 _a20030307d1991 |||y0rusy50 ca
101 0 _arus
102 _aRU
105 _aa |||||||||
200 1 _aМЕТАЛЛООБРАБАТЫВАЮЩИЙ инструмент
_eТовары нар. потребления
_e[Каталог]
_fМоск. з-д режущих инструментов "Фрезер" им. М.И. Калинина
210 _a[М.]
_cВнешторгиздат
_d[1991]
215 _a14 с.
_cил.
_d29
606 1 _aМеталлообрабатывающие инструменты
_jКаталоги
_2nlr_sh1
712 0 2 _a"Фрезер", инструментальное произв. об-ние им. М.И.Калинина
_cМосква
_3RU\NLR\AUTH\8810009711
_9517163
801 0 _aRU
_bNLR
_gpsbo
801 1 _aRU
_bELAR
_2rusmarc
801 2 _aRU
_bNLR
_c20050503
_2rusmarc
852 _aNLR
_bПт
_j98/699
942 _cBOOK
980 _aNB